[Event "Altenkirchen Seniors op 19th"]
[Site "Altenkirchen"]
[Date "2022.07.27"]
[Round "9"]
[White "Mueller, Norbert2222"]
[Black "Rosen, Willy"]
[Result "0-1"]
[WhiteElo "1870"]
[BlackElo "2158"]
[PlyCount "70"]
[EventDate "2022.07.19"]
[EventType "swiss"]
[EventRounds "9"]
[EventCountry "GER"]
[SourceTitle "EXT 2023"]
[Source "ChessBase"]
[SourceDate "2022.10.05"]
[SourceVersion "1"]
[SourceVersionDate "2022.10.05"]
[SourceQuality "1"]

1. e4 c5 2. Nc3 Nc6 3. f4 g6 4. Nf3 Bg7 5. a4 d6 6. Bc4 e6 7. d3 Nge7 8. 0-0 0-0 9. Qe1 d5 10. Ba2 Nd4 11. Nxd4 cxd4 12. Nd1 dxe4 13. dxe4 Bd7 14. Qg3 Bxa4 15. Bb1 Bb5 16. Re1 Rc8 17. Nf2 Qb6 18. Kh1 f5 19. e5 Nd5 20. Bd2 Ba6 21. Qa3 Bh6 22. Nh3 Rf7 23. Ng5 Bxg5 24. fxg5 d3 25. cxd3 Qf2 26. Qa5 f4 27. Ba2 f3 28. Rg1 Bxd3 29. Bxd5 exd5 30. Qxd5 Qxd2 31. e6 Rf5 32. Qxb7 fxg2+ 33. Rxg2 Rc1+ 34. Rxc1 Qxc1+ 35. Rg1 Qe3 0-1

[Event "Altenkirchen Seniors op 19th"]
[Site "Altenkirchen"]
[Date "2022.07.25"]
[Round "7"]
[White "Schulte, Stefan"]
[Black "Rosen, Willy"]
[Result "1/2-1/2"]
[WhiteElo "1948"]
[BlackElo "2158"]
[PlyCount "79"]
[EventDate "2022.07.19"]
[EventType "swiss"]
[EventRounds "9"]
[EventCountry "GER"]
[SourceTitle "CBM 209 Extra"]
[Source "ChessBase"]
[SourceDate "2022.09.30"]
[SourceVersion "1"]
[SourceVersionDate "2022.09.30"]
[SourceQuality "1"]

1. d4 Nf6 2. Nf3 e6 3. c4 Bb4+ 4. Bd2 Qe7 5. g3 Nc6 6. Nc3 Bxc3 7. Bxc3 Ne4 8. Rc1 d6 9. Bg2 0-0 10. 0-0 Nxc3 11. Rxc3 a5 12. d5 Nb4 13. a3 Na6 14. Nd4 e5 15. Nc2 a4 16. Nb4 Nc5 17. Nd3 b6 18. Nxc5 bxc5 19. e4 Bd7 20. f4 Rab8 21. Rf2 Rb6 22. Qh5 Rfb8 23. Rcc2 g6 24. Qh6 exf4 25. Qxf4 g5 26. Qf3 Rb3 27. Qh5 Kg7 28. Rce2 f6 29. e5 dxe5 30. Be4 Rh8 31. Kg2 Qf7 32. Qxf7+ Kxf7 33. Bc2 Rb6 34. Rxe5 h6 35. Ree2 Re8 36. Rxe8 Bxe8 37. Bf5 Rd6 38. Re2 Bd7 39. Bxd7 Rxd7 40. b3 1/2-1/2

[Event "GER-ch Seniors 65 31st"]
[Site "Radebeul"]
[Date "2019.05.04"]
[Round "9"]
[White "Hanisch, Friedrich"]
[Black "Rosen, Willy"]
[Result "1-0"]
[WhiteElo "2095"]
[BlackElo "2178"]
[PlyCount "73"]
[EventDate "2019.04.26"]
[EventType "swiss"]
[EventRounds "9"]
[EventCountry "GER"]
[SourceTitle "CBM 190 Extra"]
[Source "ChessBase"]
[SourceDate "2019.07.15"]
[SourceVersion "1"]
[SourceVersionDate "2019.07.15"]
[SourceQuality "1"]

1. Nf3 c5 2. c4 Nc6 3. Nc3 g6 4. g3 Bg7 5. Bg2 e5 6. d3 Nge7 7. 0-0 d6 8. Ne1 Be6 9. Nc2 d5 10. cxd5 Nxd5 11. Ne3 Nde7 12. Ne4 b6 13. Ng5 Bc8 14. Ne4 0-0 15. Nc3 Be6 16. a3 Rc8 17. Rb1 Nd4 18. Nc4 b5 19. Nd2 Qd7 20. b3 h6 21. Bb2 a5 22. a4 b4 23. Na2 Nxb3 24. Nxb3 Qxa4 25. Nac1 Qb5 26. Nd2 Rfd8 27. Ra1 c4 28. Nxc4 Bxc4 29. dxc4 Qxc4 30. Qb3 Rd2 31. Qxc4 Rxc4 32. Nd3 Rxe2 33. Rxa5 e4 34. Bxg7 exd3 35. Bxh6 Nf5 36. Bg5 f6 37. Bd5+ 1-0

[Event "GER-ch Seniors 65 31st"]
[Site "Radebeul"]
[Date "2019.05.03"]
[Round "8"]
[White "Rosen, Willy"]
[Black "Sand, Rolf"]
[Result "1/2-1/2"]
[WhiteElo "2178"]
[BlackElo "2024"]
[PlyCount "65"]
[EventDate "2019.04.26"]
[EventType "swiss"]
[EventRounds "9"]
[EventCountry "GER"]
[SourceTitle "CBM 190 Extra"]
[Source "ChessBase"]
[SourceDate "2019.07.15"]
[SourceVersion "1"]
[SourceVersionDate "2019.07.15"]
[SourceQuality "1"]

1. e4 c5 2. Nc3 d6 3. f4 g6 4. Nf3 Bg7 5. Bb5+ Bd7 6. Bc4 Nc6 7. 0-0 e6 8. d3 Na5 9. Qe1 Ne7 10. Bd2 Nxc4 11. dxc4 0-0 12. Rd1 a6 13. Be3 Qc7 14. Qh4 f6 15. g4 Bc6 16. f5 gxf5 17. gxf5 exf5 18. Nd5 Bxd5 19. exd5 Ng6 20. Qg3 Rae8 21. Bf4 Nxf4 22. Qxf4 Re4 23. Qxf5 Rfe8 24. Rde1 Qe7 25. Rxe4 Qxe4 26. Qxe4 Rxe4 27. b3 Bh6 28. Re1 Rxe1+ 29. Nxe1 Kf7 30. Kg2 f5 31. Kf3 Kf6 32. Nd3 Bd2 33. Ke2 1/2-1/2

[Event "GER-ch Seniors 65 31st"]
[Site "Radebeul"]
[Date "2019.04.26"]
[Round "1"]
[White "Rosen, Willy"]
[Black "Keeve, Martin"]
[Result "1-0"]
[WhiteElo "2178"]
[BlackElo "1860"]
[PlyCount "101"]
[EventDate "2019.04.26"]
[EventType "swiss"]
[EventRounds "9"]
[EventCountry "GER"]
[SourceTitle "CBM 190 Extra"]
[Source "ChessBase"]
[SourceDate "2019.07.15"]
[SourceVersion "1"]
[SourceVersionDate "2019.07.15"]
[SourceQuality "1"]

1. e4 d6 2. d4 c6 3. Nc3 Qc7 4. Nf3 Nd7 5. a4 e5 6. Bc4 Be7 7. 0-0 h6 8. Qe2 Ngf6 9. Rd1 Nf8 10. h3 g5 11. dxe5 dxe5 12. Nh2 Ng6 13. Ng4 Bxg4 14. hxg4 Nf4 15. Bxf4 gxf4 16. Rd3 Qc8 17. Rh3 Nxg4 18. Rh5 Bg5 19. Rd1 Nf6 20. Rh3 0-0 21. Bb3 Qc7 22. Qc4 Rad8 23. Rhd3 Rxd3 24. Rxd3 Qe7 25. a5 Ne8 26. a6 Nf6 27. axb7 Qxb7 28. Rd6 Rc8 29. Qd3 Rc7 30. Rd8+ Kg7 31. Qd6 Nd7 32. Re8 Rc8 33. Bxf7 Rxe8 34. Bxe8 Nf6 35. Qxe5 Kf8 36. Bg6 Qxb2 37. Qe6 Qa1+ 38. Kh2 Ng4+ 39. Qxg4 Qxc3 40. Qd7 Qf6 41. Bh5 a5 42. e5 Qe7 43. Qf5+ Kg7 44. Qg6+ Kh8 45. Qxc6 Qxe5 46. Bf3 Kg7 47. c4 Be7 48. Qd7 Kf6 49. Qe8 Kg7 50. Bd5 Bd6 51. Qf7+ 1-0

[Event "Ruhrgebiet Verbandsliga Gruppe 2 1819"]
[Site "Nordrheinwestfalen"]
[Date "2018.10.07"]
[Round "2.1"]
[White "Rosen, Willy"]
[Black "Spyrou, Emmanouil"]
[Result "1/2-1/2"]
[WhiteElo "2084"]
[BlackElo "2149"]
[PlyCount "41"]
[EventDate "2018.09.23"]
[EventType "team-tourn"]
[EventRounds "9"]
[EventCountry "GER"]
[SourceTitle "EXT 2022"]
[Source "ChessBase"]
[SourceDate "2021.10.06"]
[SourceVersion "1"]
[SourceVersionDate "2021.10.06"]
[SourceQuality "1"]
[WhiteTeam "Essen Katernberg III"]
[BlackTeam "Hamm SV"]
[WhiteTeamCountry "GER"]
[BlackTeamCountry "GER"]

1. e4 g6 2. d4 Bg7 3. Nc3 c6 4. Nf3 d5 5. h3 Nf6 6. e5 Ne4 7. Nxe4 dxe4 8. Ng5 c5 9. e6 Bxe6 10. Nxe6 fxe6 11. dxc5 Qxd1+ 12. Kxd1 Nd7 13. Bb5 0-0-0 14. Bxd7+ Rxd7+ 15. Ke2 Bd4 16. Rb1 Bxc5 17. Be3 Bxe3 18. fxe3 Rhd8 19. Rbd1 Rd6 20. h4 R8d7 21. Rhf1 1/2-1/2

[Event "Ruhrgebiet Regionalliga 1819"]
[Site "Nordrheinwestfalen"]
[Date "2018.09.02"]
[Round "1.7"]
[White "Rosen, Willy"]
[Black "Hombrecher, Kai"]
[Result "1-0"]
[WhiteElo "2084"]
[BlackElo "1851"]
[PlyCount "35"]
[EventDate "2018.09.02"]
[EventType "team-tourn"]
[EventRounds "11"]
[EventCountry "GER"]
[SourceTitle "EXT 2022"]
[Source "ChessBase"]
[SourceDate "2021.10.06"]
[SourceVersion "1"]
[SourceVersionDate "2021.10.06"]
[SourceQuality "1"]
[WhiteTeam "Essen Katernberg II"]
[BlackTeam "Oberhausen SV II"]
[WhiteTeamCountry "GER"]
[BlackTeamCountry "GER"]

1. e4 c6 2. d4 d5 3. exd5 cxd5 4. Bd3 Nc6 5. c3 Nf6 6. Bf4 Bg4 7. Qb3 Qc8 8. Nd2 e6 9. Ngf3 a6 10. 0-0 Be7 11. Rae1 0-0 12. Ne5 Bh5 13. Qc2 b5 14. Re3 Bg6 15. Rfe1 Nb4 16. Nxg6 Nxc2 17. Nxe7+ Kh8 18. Nxc8 1-0

[Event "GER-ch Seniors 65"]
[Site "Hamburg"]
[Date "2018.07.23"]
[Round "3"]
[White "Rosen, Willy"]
[Black "Lomer, Edmund"]
[Result "1/2-1/2"]
[WhiteElo "2161"]
[BlackElo "2043"]
[PlyCount "85"]
[EventDate "2018.07.21"]
[EventType "swiss"]
[EventRounds "9"]
[EventCountry "GER"]
[SourceTitle "CBM 186 Extra"]
[Source "ChessBase"]
[SourceDate "2018.08.24"]
[SourceVersion "1"]
[SourceVersionDate "2018.08.24"]
[SourceQuality "1"]

1. e4 d5 2. exd5 Qxd5 3. Nc3 Qa5 4. d4 c6 5. Nf3 Nf6 6. Ne5 Bf5 7. g4 Be4 8. Nc4 Qc7 9. Nxe4 Nxe4 10. Qf3 Nd6 11. Bf4 Nd7 12. 0-0-0 0-0-0 13. Bxd6 exd6 14. Qxf7 d5 15. Ne3 Nf6 16. Qxc7+ Kxc7 17. Bd3 Bd6 18. h3 Bf4 19. Rde1 Rhe8 20. Kd1 g6 21. Ng2 Bd6 22. f4 Rd7 23. Rhf1 Kd8 24. Re6 Bc7 25. Rfe1 Rd6 26. f5 g5 27. Rxd6+ Bxd6 28. Re6 Be7 29. Ne1 h5 30. gxh5 Nxh5 31. Re3 Nf4 32. Rf3 Rh8 33. Bf1 Bd6 34. Nd3 Nxd3 35. Bxd3 Bf4 36. Ke2 Ke7 37. Kf2 Kf6 38. Kg2 Rh4 39. Rf2 Be3 40. Re2 Bxd4 41. Re6+ Kf7 42. Rd6 Ke7 43. Re6+ 1/2-1/2

[Event "GER-ch Seniors 65+ 30th"]
[Site "Hamburg"]
[Date "2018.07.22"]
[Round "2"]
[White "Seidel, Arnold"]
[Black "Rosen, Willy"]
[Result "0-1"]
[WhiteElo "1990"]
[BlackElo "2161"]
[PlyCount "96"]
[EventDate "2018.07.21"]
[EventType "swiss"]
[EventRounds "9"]
[EventCountry "GER"]
[SourceTitle "EXT 2020"]
[Source "ChessBase"]
[SourceDate "2019.10.17"]
[SourceVersion "1"]
[SourceVersionDate "2019.10.17"]
[SourceQuality "1"]

1. e4 c5 2. c3 g6 3. d4 cxd4 4. cxd4 d5 5. e5 Bg7 6. Nc3 Nc6 7. Be3 Nh6 8. g3 Nf5 9. Bg2 Nxe3 10. fxe3 e6 11. Nf3 Ne7 12. 0-0 0-0 13. Qd2 Bh6 14. g4 Bd7 15. Rf2 b5 16. a3 a5 17. Bf1 Qb6 18. a4 bxa4 19. Nxa4 Bxa4 20. Rxa4 Nc6 21. g5 Bg7 22. Bd3 Nb4 23. Bb1 Rfc8 24. Ra3 Bf8 25. e4 Rc7 26. Rc3 Rac8 27. Kg2 Rxc3 28. bxc3 dxe4 29. Bxe4 Nd5 30. Bxd5 exd5 31. Ne1 Qe6 32. Kg3 a4 33. Nc2 Be7 34. h4 Qc6 35. Rf3 a3 36. Nb4 Qc4 37. Qf4 Rf8 38. Qd2 Bxb4 39. cxb4 Ra8 40. Rc3 Qf1 41. Rc1 Qf5 42. Ra1 Qe4 43. b5 Ra4 44. Re1 a2 45. Rxe4 dxe4 46. Kf4 a1Q 47. Kxe4 Qh1+ 48. Kd3 Qf3+ 0-1

[Event "NRW Class2 1718"]
[Site "Germany"]
[Date "2018.04.29"]
[Round "9.8"]
[White "Rosen, Willy"]
[Black "Hemmann, Arnold"]
[Result "1/2-1/2"]
[WhiteElo "2084"]
[BlackElo "2080"]
[PlyCount "130"]
[EventDate "2017.09.17"]
[EventType "team-tourn"]
[EventRounds "9"]
[EventCountry "GER"]
[SourceTitle "EXT 2019"]
[Source "ChessBase"]
[SourceDate "2018.10.10"]
[SourceVersion "1"]
[SourceVersionDate "2018.10.10"]
[SourceQuality "1"]
[WhiteTeam "Essen Katernberg  II"]
[BlackTeam "Godesberg"]
[WhiteTeamCountry "GER"]
[BlackTeamCountry "GER"]

1. e4 c5 2. Nc3 a6 3. f4 e6 4. Nf3 b5 5. d3 Ne7 6. g3 Bb7 7. Bg2 d5 8. Qe2 d4 9. Nd1 Nbc6 10. 0-0 Ng8 11. g4 Qc7 12. c3 Nf6 13. g5 Nd7 14. cxd4 cxd4 15. Nf2 Be7 16. Bd2 h6 17. gxh6 gxh6 18. Rac1 Qb6 19. Kh1 0-0-0 20. Bh3 Kb8 21. Rg1 Rdg8 22. Rxg8+ Rxg8 23. Rg1 Rxg1+ 24. Nxg1 Qc5 25. f5 exf5 26. Bxf5 Nde5 27. Bxh6 Bh4 28. Ng4 Ka7 29. Nxe5 Nxe5 30. Bf4 Bf6 31. Bxe5 Qxe5 32. Qh5 Qf4 33. Qxf7 Be5 34. Qh5 Qf2 35. Bg6 Bf4 36. Qe2 Qh4 37. Nf3 Qh6 38. Bf5 Be3 39. Qg2 Qc6 40. Qe2 b4 41. h4 a5 42. h5 a4 43. Qd1 Kb8 44. Kg2 a3 45. bxa3 bxa3 46. Qb3 Qc1 47. Qg8+ Ka7 48. Qf7 Qc2+ 49. Kh3 Qxd3 50. Bc8 Qxe4 51. Qxb7+ Qxb7 52. Bxb7 Kxb7 53. Ne5 Bc1 54. Kg4 Kc7 55. Nf7 Kd7 56. h6 d3 57. Kf3 Ke6 58. h7 Bb2 59. h8Q Bxh8 60. Nxh8 Kf6 61. Ke3 Kg7 62. Kxd3 Kxh8 63. Kc3 Kg7 64. Kb3 Kf7 65. Kxa3 Ke7 1/2-1/2

[Event "GER-chA Seniors 29th"]
[Site "Berlin"]
[Date "2017.08.08"]
[Round "1"]
[White "Rosen, Willy"]
[Black "Rackowiak, Hans"]
[Result "1-0"]
[WhiteElo "2194"]
[BlackElo "1977"]
[PlyCount "85"]
[EventDate "2017.08.07"]
[EventType "swiss"]
[EventRounds "9"]
[EventCountry "GER"]
[SourceTitle "EXT 2019"]
[Source "ChessBase"]
[SourceDate "2018.10.10"]
[SourceVersion "1"]
[SourceVersionDate "2018.10.10"]
[SourceQuality "1"]

1. e4 d5 2. exd5 Nf6 3. d4 Nxd5 4. Nf3 Bg4 5. Be2 e6 6. 0-0 Be7 7. c4 Nb6 8. a4 a5 9. h3 Bh5 10. Nc3 0-0 11. g4 Bg6 12. Ne5 N8d7 13. Nxg6 hxg6 14. Be3 c6 15. Qd2 Bb4 16. Qd3 Qh4 17. Kg2 f5 18. f3 Qe7 19. Bf2 Rad8 20. Qe3 f4 21. Qe4 Bxc3 22. bxc3 Qf6 23. Bd3 Kf7 24. h4 g5 25. Rh1 Rh8 26. h5 Nc8 27. c5 Ne7 28. c4 b6 29. Rab1 bxc5 30. dxc5 Rb8 31. Bd4 e5 32. Bf2 Qe6 33. Rhc1 Nf6 34. Qe2 Rhd8 35. Be4 Nd7 36. Rd1 Ke8 37. Rd6 Qg8 38. Rxb8 Rxb8 39. Bxc6 Nxc6 40. Rxc6 Qf7 41. Qd3 Rb4 42. Rc8+ Ke7 43. Qd6# 1-0

[Event "NRW Class1 1617"]
[Site "Germany"]
[Date "2017.02.12"]
[Round "6.8"]
[White "Rosen, Willy"]
[Black "Maniocha, Marek"]
[Result "1/2-1/2"]
[WhiteElo "2261"]
[BlackElo "1986"]
[PlyCount "110"]
[EventDate "2016.09.25"]
[EventType "team-tourn"]
[EventRounds "9"]
[EventCountry "GER"]
[SourceTitle "EXT 2023"]
[Source "ChessBase"]
[SourceDate "2022.10.05"]
[SourceVersion "1"]
[SourceVersionDate "2022.10.05"]
[SourceQuality "1"]
[WhiteTeam "Katernberg SF II"]
[BlackTeam "Plettenberg"]
[WhiteTeamCountry "GER"]
[BlackTeamCountry "GER"]

1. e4 c5 2. Nc3 Nc6 3. f4 d6 4. Nf3 Nf6 5. Bc4 e6 6. d3 Be7 7. 0-0 0-0 8. Qe1 d5 9. Bb5 dxe4 10. Bxc6 exf3 11. Bxf3 Rb8 12. Bd2 b6 13. Kh1 Bb7 14. f5 exf5 15. Bxb7 Rxb7 16. Rxf5 Rd7 17. Qg3 Rd4 18. Raf1 Rg4 19. Qf3 Rg6 20. Bg5 h6 21. Bh4 Qd4 22. Rf4 Qd7 23. Rf5 b5 24. b3 a6 25. Bxf6 Rxf6 26. Nd5 Rxf5 27. Qxf5 Qd8 28. c4 Bd6 29. g3 Qa5 30. Rf2 Qe1+ 31. Kg2 Qe5 32. Qxe5 Bxe5 33. Re2 f6 34. Kf3 Kf7 35. g4 g6 36. h4 Re8 37. h5 gxh5 38. gxh5 Rg8 39. Rg2 Rxg2 40. Kxg2 Ke6 41. Kf3 bxc4 42. dxc4 Kf5 43. b4 cxb4 44. Nxb4 a5 45. Nc6 Bc7 46. Ne7+ Kg5 47. c5 Kxh5 48. Nd5 Bd8 49. c6 Kg5 50. c7 Bxc7 51. Nxc7 Kf5 52. Ne8 Ke5 53. Ng7 Kd4 54. Nh5 Kc3 55. Nxf6 Kb2 1/2-1/2

[Event "Ruhrgebiet Regionalliga 1617"]
[Site "Germany"]
[Date "2016.11.06"]
[Round "3.2"]
[White "Gelashvili, George"]
[Black "Rosen, Willy"]
[Result "1-0"]
[WhiteElo "2094"]
[BlackElo "2144"]
[PlyCount "71"]
[EventDate "2016.09.11"]
[EventType "team-tourn"]
[EventRounds "9"]
[EventCountry "GER"]
[SourceTitle "EXT 2022"]
[Source "ChessBase"]
[SourceDate "2021.10.06"]
[SourceVersion "1"]
[SourceVersionDate "2021.10.06"]
[SourceQuality "1"]
[WhiteTeam "Hamm SV"]
[BlackTeam "Katernberg SF III"]
[WhiteTeamCountry "GER"]
[BlackTeamCountry "GER"]

1. Nf3 c5 2. c4 g6 3. Nc3 Bg7 4. b3 Nc6 5. Bb2 e5 6. d3 d6 7. e4 Nge7 8. Be2 0-0 9. 0-0 f5 10. Nd5 a6 11. Ne1 b5 12. Nc2 Nxd5 13. cxd5 Ne7 14. b4 Bd7 15. bxc5 dxc5 16. a4 Qb6 17. Kh1 Qd6 18. Na3 Rab8 19. axb5 axb5 20. Ra2 g5 21. Nc2 Ng6 22. exf5 Qxd5 23. Ra3 Bxf5 24. Ne3 Qd6 25. Nxf5 Rxf5 26. Bg4 Rf4 27. g3 Qd5+ 28. Kg1 Rff8 29. Qe2 Rbd8 30. Qe3 b4 31. Ra7 Bf6 32. Bf5 Ne7 33. Be4 Qb3 34. Bxe5 Ng6 35. Bxg6 hxg6 36. Bxf6 1-0

[Event "Ruhrgebiet Regionalliga 1617"]
[Site "Germany"]
[Date "2016.09.11"]
[Round "1.2"]
[White "Dewenter, Ulf"]
[Black "Rosen, Willy"]
[Result "1-0"]
[WhiteElo "2122"]
[BlackElo "2144"]
[PlyCount "67"]
[EventDate "2016.09.11"]
[EventType "team-tourn"]
[EventRounds "9"]
[EventCountry "GER"]
[SourceTitle "EXT 2022"]
[Source "ChessBase"]
[SourceDate "2021.10.06"]
[SourceVersion "1"]
[SourceVersionDate "2021.10.06"]
[SourceQuality "1"]
[WhiteTeam "Borbeck Weisse Dame"]
[BlackTeam "Katernberg SF III"]
[WhiteTeamCountry "GER"]
[BlackTeamCountry "GER"]

1. d4 Nf6 2. c4 e6 3. Nc3 Bb4 4. Qc2 b6 5. e4 Bxc3+ 6. bxc3 d6 7. Bd3 e5 8. Ne2 c5 9. d5 Nbd7 10. 0-0 Nf8 11. f4 h6 12. fxe5 dxe5 13. Ng3 N8h7 14. Qf2 0-0 15. Nf5 Bxf5 16. Qxf5 Re8 17. h3 Qd7 18. Qf3 Re7 19. a4 a5 20. Be3 Ne8 21. Qg3 Kh8 22. Rfb1 Ra6 23. Rb2 Nd6 24. Kh2 Nf6 25. Qh4 Kh7 26. Bxh6 gxh6 27. Qxf6 Ne8 28. Qh4 Nd6 29. Rf1 f5 30. exf5 e4 31. f6 Re8 32. f7 Nxf7 33. Bxe4+ Kg7 34. Qf6+ 1-0

[Event "GER-chA Seniors 28th"]
[Site "Niederhausen"]
[Date "2016.08.20"]
[Round "8"]
[White "Rosen, Willy"]
[Black "Seyfried, Claus"]
[Result "1/2-1/2"]
[WhiteElo "2274"]
[BlackElo "2148"]
[PlyCount "83"]
[EventDate "2016.08.13"]
[EventType "swiss"]
[EventRounds "9"]
[EventCountry "GER"]
[SourceTitle "EXT 2019"]
[Source "ChessBase"]
[SourceDate "2018.10.10"]
[SourceVersion "1"]
[SourceVersionDate "2018.10.10"]
[SourceQuality "1"]

1. e4 c5 2. Nc3 Nc6 3. f4 g6 4. Nf3 Bg7 5. Bb5 Nd4 6. 0-0 Nxb5 7. Nxb5 d5 8. exd5 a6 9. Nc3 Nf6 10. d4 Nxd5 11. dxc5 Nxc3 12. Qxd8+ Kxd8 13. bxc3 Bxc3 14. Rb1 Kc7 15. Rb3 Bf6 16. Bd2 a5 17. Rfb1 a4 18. Rb5 Ra6 19. a3 Kb8 20. Ne5 Bxe5 21. fxe5 Rd8 22. Be3 Rd5 23. c3 Ka8 24. Bd4 Bf5 25. R1b4 Rd7 26. Rb6 Rxb6 27. cxb6 Bc2 28. e6 fxe6 29. Be5 Rd8 30. c4 Rd1+ 31. Kf2 Rb1 32. Ke3 Rxb4 33. axb4 a3 34. b5 a2 35. g3 Bd1 36. Kd3 Bb3 37. Bb2 Kb8 38. Kc3 Bd1 39. Kb4 Bf3 40. Be5+ Kc8 41. c5 Be4 42. Ka5 1/2-1/2

[Event "GER-chA Seniors 28th"]
[Site "Niederhausen"]
[Date "2016.08.15"]
[Round "3"]
[White "Rosen, Willy"]
[Black "Steingrobe, Udo"]
[Result "1-0"]
[WhiteElo "2274"]
[BlackElo "2121"]
[PlyCount "65"]
[EventDate "2016.08.13"]
[EventType "swiss"]
[EventRounds "9"]
[EventCountry "GER"]
[SourceTitle "EXT 2019"]
[Source "ChessBase"]
[SourceDate "2018.10.10"]
[SourceVersion "1"]
[SourceVersionDate "2018.10.10"]
[SourceQuality "1"]

1. e4 e6 2. d4 d5 3. Nc3 Nf6 4. Bg5 Bb4 5. exd5 exd5 6. Qf3 Bg4 7. Bxf6 Qc8 8. Qe3+ Kd7 9. Be5 f6 10. Qg3 h5 11. Be2 Kd8 12. h3 fxe5 13. Qxe5 Be6 14. Qxg7 Rg8 15. Qf6+ Be7 16. Qf3 Rg5 17. Bd3 Nc6 18. Nge2 Kd7 19. h4 Rg4 20. Nxd5 Qg8 21. Nxe7 Kxe7 22. 0-0-0 Rf8 23. Qe3 Nb4 24. Be4 Kd8 25. d5 Bc8 26. g3 Re8 27. f3 Bf5 28. Rd4 Nxa2+ 29. Kb1 Bxe4 30. fxe4 Qg6 31. Nf4 Qa6 32. Qb3 Qf6 33. Rhd1 1-0

[Event "GER-chA Seniors 28th"]
[Site "Niederhausen"]
[Date "2016.08.13"]
[Round "1"]
[White "Rosen, Willy"]
[Black "Mueller, Lutz"]
[Result "1-0"]
[WhiteElo "2274"]
[BlackElo "2032"]
[PlyCount "79"]
[EventDate "2016.08.13"]
[EventType "swiss"]
[EventRounds "9"]
[EventCountry "GER"]
[SourceTitle "EXT 2019"]
[Source "ChessBase"]
[SourceDate "2018.10.10"]
[SourceVersion "1"]
[SourceVersionDate "2018.10.10"]
[SourceQuality "1"]

1. e4 c5 2. Nc3 Nc6 3. f4 g6 4. Nf3 Bg7 5. Bb5 Nd4 6. 0-0 e6 7. e5 f5 8. Nxd4 cxd4 9. Ne2 Qb6 10. Bd3 d6 11. exd6 Nh6 12. b3 0-0 13. a4 a5 14. Qe1 Rd8 15. Kh1 Qxd6 16. Ba3 Qc7 17. Qh4 Re8 18. Rae1 Nf7 19. Ng1 e5 20. fxe5 Nxe5 21. Qxd4 Be6 22. Bd6 Ng4 23. Qf4 Qb6 24. Bc7 Qc5 25. h3 h5 26. Qd6 Qxd6 27. Bxd6 Bd4 28. Nf3 Bf6 29. Bb5 Kf7 30. Bxe8+ Rxe8 31. hxg4 hxg4 32. Ne5+ Kg7 33. d4 Bd5 34. Kg1 Bh4 35. Re3 Bg5 36. Rc3 Rd8 37. Bc7 Ra8 38. Kf2 Rh8 39. Nxg4 Bh4+ 40. g3 1-0

[Event "WchT Seniors 65"]
[Site "Radebeul"]
[Date "2016.07.03"]
[Round "8.9"]
[White "Birk, Rainer"]
[Black "Rosen, Willy"]
[Result "0-1"]
[WhiteElo "2136"]
[BlackElo "2266"]
[PlyCount "100"]
[EventDate "2016.06.26"]
[EventType "team-swiss"]
[EventRounds "9"]
[EventCountry "GER"]
[SourceTitle "CBM 173 Extra"]
[Source "ChessBase"]
[SourceDate "2016.08.29"]
[SourceVersion "1"]
[SourceVersionDate "2016.08.29"]
[SourceQuality "1"]
[WhiteTeam "Oberlausitz"]
[BlackTeam "Katernberg"]
[WhiteTeamCountry "GER"]
[BlackTeamCountry "GER"]

1. d4 Nf6 2. Nf3 e6 3. e3 b6 4. Bd3 Bb7 5. Nbd2 c5 6. 0-0 Be7 7. b3 0-0 8. Bb2 d5 9. Ne5 Ne4 10. c3 f6 11. Nef3 Nd7 12. c4 Qe8 13. Qc2 f5 14. cxd5 exd5 15. Bb5 a6 16. Bxd7 Qxd7 17. Ne5 Qe6 18. f4 Rac8 19. Qd3 Bd6 20. Rac1 Nxd2 21. Qxd2 c4 22. Rc2 b5 23. Bc3 cxb3 24. axb3 b4 25. Bb2 Rxc2 26. Qxc2 Rc8 27. Qd2 Rc7 28. Rc1 Qc8 29. Rxc7 Qxc7 30. Nd3 a5 31. Qc1 Qxc1+ 32. Nxc1 Ba6 33. Kf2 Kf7 34. Ke1 Ke7 35. Kd2 Bf1 36. g3 Kf7 37. Ke1 Bb5 38. Kf2 h6 39. Ba1 g5 40. h3 Be7 41. Bb2 Ke8 42. Ba1 g4 43. h4 Kd7 44. Bb2 Kc6 45. Ke1 Kb6 46. Kd2 Ba6 47. Ke1 a4 48. bxa4 Bc4 49. Kd2 Ka5 50. Nd3 Bxd3 0-1

[Event "WchT Seniors 65"]
[Site "Radebeul"]
[Date "2016.06.26"]
[Round "1.1"]
[White "Rosen, Willy"]
[Black "Danner, Lambert"]
[Result "1-0"]
[WhiteElo "2266"]
[BlackElo "2086"]
[PlyCount "59"]
[EventDate "2016.06.26"]
[EventType "team-swiss"]
[EventRounds "9"]
[EventCountry "GER"]
[SourceTitle "CBM 173 Extra"]
[Source "ChessBase"]
[SourceDate "2016.08.29"]
[SourceVersion "1"]
[SourceVersionDate "2016.08.29"]
[SourceQuality "1"]
[WhiteTeam "Katernberg"]
[BlackTeam "Wien II"]
[WhiteTeamCountry "GER"]
[BlackTeamCountry "AUT"]

1. e4 Nf6 2. d3 e5 3. Nf3 Nc6 4. Be2 d5 5. Nbd2 Be7 6. 0-0 0-0 7. c3 dxe4 8. dxe4 Ne8 9. Qc2 Nd6 10. Nc4 f6 11. Rd1 Be6 12. Ne3 Qe8 13. Nd5 Rc8 14. c4 Qg6 15. Qa4 Nxe4 16. Qxc6 bxc6 17. Nxe7+ Kf7 18. Nxg6 hxg6 19. Be3 Rb8 20. Bd3 Nd6 21. Nd2 Rxb2 22. Nb3 e4 23. Bf1 Ke7 24. Bd4 Rc2 25. Bxa7 Ra8 26. Nd4 Rb2 27. Nxe6 Kxe6 28. Bd4 Rbxa2 29. Rxa2 Rxa2 30. c5 1-0

[Event "Ruhrgebiet Verbandsliga Gruppe 2 1516"]
[Site "Germany"]
[Date "2016.04.24"]
[Round "9.2"]
[White "Gelashvili, George"]
[Black "Rosen, Willy"]
[Result "0-1"]
[WhiteElo "2110"]
[BlackElo "2152"]
[PlyCount "144"]
[EventDate "2015.09.06"]
[EventType "team-tourn"]
[EventRounds "9"]
[EventCountry "GER"]
[SourceTitle "EXT 2022"]
[Source "ChessBase"]
[SourceDate "2021.10.06"]
[SourceVersion "1"]
[SourceVersionDate "2021.10.06"]
[SourceQuality "1"]
[WhiteTeam "Hamm SV"]
[BlackTeam "Katernberg SF III"]
[WhiteTeamCountry "GER"]
[BlackTeamCountry "GER"]

1. Nf3 c5 2. g3 g6 3. Bg2 Nc6 4. c4 Bg7 5. 0-0 e5 6. Nc3 Nge7 7. d3 0-0 8. Rb1 d6 9. a3 a5 10. Nd5 Rb8 11. Bg5 f6 12. Bd2 Be6 13. Nxe7+ Nxe7 14. b4 axb4 15. axb4 cxb4 16. Bxb4 Re8 17. Nd2 d5 18. Bxe7 Rxe7 19. cxd5 Bxd5 20. Bxd5+ Qxd5 21. Qb3 Qxb3 22. Rxb3 Rc7 23. Rfb1 Rc2 24. R3b2 Rxb2 25. Rxb2 Bf8 26. Rb5 Kf7 27. f4 exf4 28. gxf4 Bd6 29. e3 b6 30. Kf2 Ke6 31. Nc4 Bc7 32. d4 Kd7 33. d5 Kc8 34. d6 Bd8 35. e4 Kd7 36. Ke3 Kc6 37. Rd5 b5 38. Nd2 Bb6+ 39. Kf3 Rd8 40. Rd3 Rxd6 41. Rc3+ Kb7 42. Nf1 b4 43. Rb3 Bc5 44. Ne3 Kc6 45. e5 fxe5 46. fxe5 Rd4 47. Nc2 Rh4 48. Kg2 Kd5 49. Ne1 Rg4+ 50. Kf3 Rc4 51. Ke2 Re4+ 52. Kd2 Kc4 53. Rh3 b3 54. Rc3+ Kb5 55. Rxb3+ Bb4+ 56. Kd3 Rxe1 57. Kd4 Rd1+ 58. Ke3 Kc4 59. Rb2 Re1+ 60. Kf4 Bc3 61. Rb7 Bxe5+ 62. Kg5 Rg1+ 63. Kh6 Bxh2 64. Kxh7 g5 65. Rb2 Bf4 66. Kg6 Kd3 67. Kf5 Ke3 68. Rb3+ Kf2 69. Ke4 Re1+ 70. Kf5 Be3 71. Rb2+ Kf3 72. Rb4 Rc1 0-1